Problemas de teología moral contemporánea : teología moral fundamental /

Los autores, jesuitas norteamericanos, recogen en este primer volumen los problemas en el medio teológico de los años cincuenta cuando ya se ponía en tela de juicio ciertos procedimientos en la Iglesia católica. Se incluye temas como: La Iglesia y la ley moral, la enseñanza de los Obispos, críticas...

Descrizione completa

Salvato in:
Dettagli Bibliografici
Autore principale: Ford, John C. (autor)
Altri autori: Kelly, Gerald (autor) (autor)
Natura: Libro
Lingua:spagnolo
Pubblicazione: Santander, España : Sal Terrae, 1964, c1963
Edizione:5a edición
Soggetti:
Tags: Aggiungi Tag
Nessun Tag, puoi essere il primo ad aggiungerne!!

MARC

LEADER 00000nam^a2200000^a^4500
001 000310777
005 20250621000000.0
009 20260310113025.805
037 |a Acervo ITESO - Biblioteca 
041 |a ESP 
082 |a 241.  |b FOR V. 1 
100 |a Ford, John C.  |e (autor) 
240 1 1 |a [Problemas de teología moral contemporánea] 
245 1 0 |a Problemas de teología moral contemporánea :  |b teología moral fundamental /  |c J.C. Ford, G. Kelly ; tr. por José L. López. 
250 |a 5a edición 
264 4 |a Santander, España :  |b Sal Terrae,  |c 1964, c1963 
300 |a 334 p. 
336 |a texto  |b txt  |2 rdacontenido 
337 |a sin mediación  |b n  |2 rdamedio 
338 |a volumen  |b nc  |2 rdasoporte 
500 |a Traducción de: Contemporary Moral Theology. Questions in Fundamental Moral Theology 
520 |a Los autores, jesuitas norteamericanos, recogen en este primer volumen los problemas en el medio teológico de los años cincuenta cuando ya se ponía en tela de juicio ciertos procedimientos en la Iglesia católica. Se incluye temas como: La Iglesia y la ley moral, la enseñanza de los Obispos, críticas modernas a la teología moral; observaciones a la moral situacional, la imputabilidad subjetiva en casos de presiones internas, en aspectos jurídicos, en el alcoholismo y psiquiatría y catolicismo. 
649 |a XX 
650 |a Etica Cristiana -  |x Tema Principal 
650 |a Teología Doctrinal 
650 |a Etica y Religión 
650 |a Cristianismo 
650 |a Catolicismo 
650 |a Religión 
700 |a Kelly, Gerald  |e (autor) 
910 |a Fondo General 
920 |a Impresos - Libros 
930 |a Colección General 
905 |a 101 
901 |a 0500197383  |b IT1  |c ACC  |d DT  |i D55240  |u 20250621 
902 |a https://opac.biblio.iteso.mx/vufind/Record/000310777